000 00442nam a22001817a 4500
003 MPLRDC
005 20220104114703.0
008 210129b ||||| |||| 00| 0 eng d
020 _a7-5072-0596-7
082 _a046 CS
100 _a曹森编著
245 _a奇妙的收藏世界
_c
250 _a第一版
260 _a
_b今日中国出版社
_c1993
300 _b
650 _a类书; 百科全书--杂录
942 _cBK
_o046 CS
999 _c9433
_d9423